| 000 | 00396 a2200133 4500 | ||
|---|---|---|---|
| 001 | 87743 | ||
| 082 | _aPR 120 | ||
| 090 |
_c41202 _d41202 |
||
| 100 | _aAzzam Ijaz Malik, Plt Off 14990 | ||
| 245 | _aStudy of UPS designs and suggesting ways to improve its efficiency | ||
| 260 |
_aRisalpur _bNUST Risalpur _c2010 |
||
| 300 |
_axii, 58p. _eMuhammad Ajmal Khan, Wg Cdr |
||
| 500 | _aBE Project Reports | ||
| 942 |
_aCAE NUST _kPR 120 |
||
| 999 |
_c322816 _d322816 |
||